000 00953nam a2200241 a 4500
001 83565
003 BD-RjUL
005 20240423112357.0
008 240423s2003 bg a|||| m||| 00| 0 eng d
035 _a(BD-RjUL)83565
040 _aBD-RjUL
_beng
_cBD-RjUL
_dBD-RjUL
041 _aeng
082 _223
_a547.7
_bKHS 2003
100 _aKhatun M. Sc., Sefaly
_912676
245 1 _aStudies on Bio-Degradable Polymers for Medical and Agricultural Uses /
_cBy Sefaly Khatun M. Sc. ;
_6Supervisor : Md. Abu Bakr
260 _aRajshahi :
_bDepartment of Appled Chemistry and Chemical Technology, University of Rajshahi,
_c2003
300 _avii, 282 Leaves :
_bill, ;
_c29 cm.
502 _aThesis (Ph. D.) -- Department of Appled Chemistry and Chemical Technology, University of Rajshahi, 2003
504 _aReferences : Leaves 229-230
650 _aOrganic Chemistry
_vAgricultural
_912677
700 _aBakr, Md. Abu, Supervisor
_99110
942 _2ddc
_cTHE
999 _c83565
_d83565